000 00249nam a22001097a 4500
008 170120b xxu||||| |||| 00| 0 eng d
020 _a087434302X
041 _aeng
080 _a618.2
245 _aFUNDAMENTALS OF USING
_cOLSEN, J.L
942 _2udc
_cBK
999 _c3214
_d3214